Derecho Internacional Nacionalidad y proteccin̤ de las personas en el extranjero /

Detalles Bibliográficos
Autor principal: Fuentes Navarro, Daniel Eugenio
Formato: eBook
Lenguaje:español
Publicado: Ciudad de Mx̌ico: Cm̀ara de Diputados, 2008
Materias:
Acceso en línea:Acceso restringido

MARC

LEADER 00000nam a22000007a 4500
005 20171031185540.0
007 cr|||| ||||
008 171031s2008 mx |||||s|||| 00||0 spa d
020 |a 978-607-401-050-3 
035 |a 20815 
040 |a vLex 
090 |c 7182  |d 7182 
100 1 |a Fuentes Navarro, Daniel Eugenio 
245 1 0 |a Derecho Internacional  |h [Recurso electrn̤ico] :  |b Nacionalidad y proteccin̤ de las personas en el extranjero /  |c Daniel Eugenio Fuentes Navarro  
256 |a Servicio en ln̕ea 
260 |a Ciudad de Mx̌ico:  |b Cm̀ara de Diputados,  |c 2008 
300 |a 1 recurso electrn̤ico 
506 1 |a Disponible solo en los productos indicados  |d vLex Global  |d vLex Global (Academic Edition, excluding Law Schools)  |d vLex Global (U.S. Academic Edition, Law Schools)  |d vLex Global (U.S. Academic Edition, excluding Law Schools)  |d vLex Global (Academic Edition, Law Schools) 
650 0 4 |a Derecho internacional  |z Mx̌ico 
740 0 |a vLex Libros (Servicio en ln̕ea) 
856 4 0 |u http://vlex.com/source/derecho-internacional-nacionalidad-proteccion-personas-extranjero-20815  |z Acceso restringido 
942 |c BOOK 
999 0 |a International law